Złota Piłka 2003 - Top 10 - Statystyki

Ogólne statystyki
  • Ten quiz został rozwiązany 208 razy
  • Średni wynik to 8 z 10
Statystyki odpowiedzi
Lp Klub Kraj Zawodnik % Poprawnych
2 Arsenal Francja Thierry Henry
99%
5 Real M. Francja Zinedine Zidane
97%
1 Juventus Czechy Pavel Nedved
94%
3 Milan Włochy Paolo Maldini
92%
4 Milan Ukraina Andrij Szewczenko
91%
10 Real M. Anglia David Beckham
83%
8 Real M. Brazylia Roberto Carlos
82%
7 Real M. Hiszpania Raul Gonzalez
79%
9 Juventus Włochy Gianluigi Buffon
68%
6 Man United Holandia Ruud van Nistelrooy
61%
Nie znaleziono quizów pasujących do podanych kryteriów
Rozkład punktacji
Procent ludzi z każdym wynikiem
Percentyl według liczby udzielonych odpowiedzi
Twoja historia wyników
Nie rozwiązałeś tego quizu